Spagna Immobiliare : (Record no. 122242)

MARC details
000 -LEADER
fixed length control field 01046nam a22003013i 4500
001 - CONTROL NUMBER
control field BDZ0057712078
003 - CONTROL NUMBER IDENTIFIER
control field StDuBDS
005 - DATE AND TIME OF LATEST TRANSACTION
control field 20260416092449.0
007 - PHYSICAL DESCRIPTION FIXED FIELD--GENERAL INFORMATION
fixed length control field cr||||||||||||
008 - FIXED-LENGTH DATA ELEMENTS--GENERAL INFORMATION
fixed length control field 250627s2025 enk go 000|0 spa d
020 ## - INTERNATIONAL STANDARD BOOK NUMBER
International Standard Book Number 9798215182109 :
Terms of availability 5.53
040 ## - CATALOGING SOURCE
Original cataloging agency StDuBDS
Language of cataloging eng
Description conventions rda
Transcribing agency StDuBDS
100 1# - MAIN ENTRY--PERSONAL NAME
Personal name Franklin Diaz, Larez,
Relator term author.
245 10 - TITLE STATEMENT
Title Spagna Immobiliare :
Remainder of title Tutto Quello Che Ti Serve Per Iniziare Nel Mercato Immobiliare Spagnolo /
Statement of responsibility, etc. Larez Franklin Diaz.
260 ## - PUBLICATION, DISTRIBUTION, ETC.
Place of publication, distribution, etc. Isola Di Tenerife, Spain
264 #1 - PRODUCTION, PUBLICATION, DISTRIBUTION, MANUFACTURE, AND COPYRIGHT NOTICE
Place of production, publication, distribution, manufacture Isola Di Tenerife, Spain,
Date of production, publication, distribution, manufacture, or copyright notice 2025
300 ## - PHYSICAL DESCRIPTION
Extent 1 online resource
336 ## - CONTENT TYPE
Content type term text
Source rdacontent
337 ## - MEDIA TYPE
Media type term unmediated
Source rdamedia
338 ## - CARRIER TYPE
Carrier type term volume
Source rdacarrier
366 ## - TRADE AVAILABILITY INFORMATION
Detailed date of publication 20250627
Availability status code Available
650 ## - SUBJECT ADDED ENTRY--TOPICAL TERM
Topical term or geographic name entry element EBOOK
650 ## - SUBJECT ADDED ENTRY--TOPICAL TERM
Topical term or geographic name entry element REAL ESTATE
651 ## - SUBJECT ADDED ENTRY--GEOGRAPHIC NAME
Geographic name SPAIN
700 ## - ADDED ENTRY--PERSONAL NAME
Personal name Larez, Franklin Diaz
856 40 - ELECTRONIC LOCATION AND ACCESS
Uniform Resource Identifier <a href="https://www.vlebooks.com/product/openreader?id=RICS&accId=9491556&isbn=9798215182109">https://www.vlebooks.com/product/openreader?id=RICS&accId=9491556&isbn=9798215182109</a>
Public note Available via Vlebooks (email [email protected] if you do not have a login)
942 ## - ADDED ENTRY ELEMENTS (KOHA)
Source of classification or shelving scheme Dewey Decimal Classification
Holdings
Withdrawn status Lost status Damaged status Not for loan Home library Current library Shelving location Date acquired Total Checkouts Full call number Date last seen Price effective from Koha item type Public note
        Virtual Virtual Online 03/02/2026   EBOOK 03/02/2026 03/02/2026 Book Available via Vlebooks (email [email protected] if you do not have a login)